000 01213cam a2200301 a 4500
001 11920620
003 NUST-PNEC
005 20170116180658.0
008 000224s2001 njua b 001 0 eng
010 _a 00026285
020 _a0130873047
040 _aDLC
_cPNEC
_dDLC
050 0 0 _aQA303
_b.G625 2000
082 0 0 _a515 GOL
_221
100 1 _aGoldstein, Larry Joel.
245 1 0 _aCalculus and its applications
_cLarry J. Goldstein, David C. Lay, David I. Schneider.
250 _a9th ed.
260 _aUpper Saddle River, N.J. :
_bPrentice Hall,
_c2001.
300 _axii, 639, 59, 16 p. :
_bill. (some col.) ;
_c27 cm.
500 _aIncludes Index http://www.amazon.com/Calculus-Applications-Larry-Joel-Goldstein/dp/0130873047/ref=sr_1_1?s=books&ie=UTF8&qid=1409984404&sr=1-1&keywords=0130873047
504 _aIncludes bibliographical references and index.
650 0 _aCalculus.
_xMIS, ME
700 1 _aLay, David C.
700 1 _aSchneider, David I.
906 _a7
_bcbc
_corignew
_d1
_eocip
_f20
_gy-gencatlg
942 _2ddc
_cBK
999 _c60443
_d60443